000 00551nai a2200169Ia 4500
003 IN-BaIIA
008 211028c9999 xx s 000 0 eng d
022 _a0969-8043 (Online)
040 _cIIA Library
245 0 _aApplied Radiation and Isotopes
_h[eJournal]
260 _aOxford, U.K
_bPergamon
310 _aMonthly
362 _a46; 1995 - Present
521 _bSubscribed through National Knowledge Resource Consortium (NKRC)
856 _uhttps://www.sciencedirect.com/science/journal/09698043
_yClick Here to Access eJournal
942 _cEJ
999 _c34025
_d34025